000 00602nam a2200241Ia 4500
003 OSt
005 20221005120009.0
006 a|||||r|||| 00| 0
007 ta
008 221004b |||||||| |||| 00| 0 eng d
024 _a51388
037 _cTextual
040 _aCRL
_cCRL
_beng
041 _2eng
_aeng
082 _aQ2:414MK311, G2
100 _aKukandi Lal
_9628354
245 0 _aCow cult in India
260 _c1932
490 _aRadical humanist pamphlet; 3
650 _aRELIGION
942 _hQ2:414MK311, G2
_cTEXL
_2cc
999 _c1036512
_d1036512